000 00903cam a2200253 a 4500
001 296
003 BR-CuiBMT
005 20231116232901.0
008 230927s2013 mgb 000 0 por d
020 _a9788577007943
040 _aBR-CuiBMT
_cBR-CuiBMT
080 _a342.92
_22007
090 _a342.92
_bD812o
100 1 _aDuarte, Fabio Marcelo de Rezende,
_d1958-
245 1 0 _aOrientações jurídicas sobre a infraestrutura de transportes :
_buma gestão de desafios /
_cFabio Marcelo de Rezende Duarte ; Egon Bockmann Moreira, prefácio.
260 _aBelo Horizonte :
_bFórum,
_c2013.
300 _a459 p. ;
_c22 cm
504 _aInclui bibliografia.
650 _aDireito administrativo
_xInfraestrutura de transportes
_zBrasil
650 _aLicitações
_xContratações públicas
650 _aConvênios
_xContratações públicas
650 _aContratos públicos
_zBrasil
942 _2udc
_cLV
999 _c296
_d296